Examen de Mimi (Linguistica General) - Statistics

Statistiche generali
  • Questo quiz è stato fatto 4 volte
  • Il punteggio medio è 4 su 26
Statistiche sulle risposte
Hint Vocabulario % Corretto
Study of the structure and order of components within phrases and sentences (General Linguistics) Syntax
100%
Study of the sound patterns of a language (General Linguistics) Phonology
67%
Study of the meaning of words, phrases, or sentences (General Linguistics) Semantics
67%
Bound morphene that is attached to a free morpheme in order to produce a new word (General Linguistics) Affix
33%
Pairs or group of words that vary by only one phoneme (General Linguistics) Minimal Pairs and Sets/Minimal Pair
33%
Minimal unit of meaning or grammatical function Morpheme
33%
Basic meaning-carrying forms of a language (General Linguistics) Morphology
33%
Meaning-distinguishing sounds in a language (General Linguistics) Phonemes
33%
Set of morphs that communicate the same inflectional information (General Linguistics) Allomorphs
0%
physical sounds used to produce speech (General Linguistics) Allophones
0%
When one sound is made at almost the same time as a second sound because of our speed of speech (General Linguistics) Coarticulation
0%
the abstract representation of the syntactic structure of a sentence (General Linguistics) Deep Structure
0%
Process by which a new word is created or a word is changed to be another part of speech by adding bound morphenes (General Linguistics) Derivational Morphology
0%
Set of rules for a given language from which all well-formed sentences can be generated (General Linguistics) Generative Grammar
0%
Words with same written form and same pronunciation but two or more unrelated meanings (General Linguistics) Homonyms
0%
Words with different written forms and different meanings but the same pronounciation (General Linguistics) Homophones
0%
Process by which a word is modified to indicate grammatical function such as singular or plural (General Linguistics) Inflectional Morphology
0%
Words in relationship to each other(Include synonyms, antonyms, and hyponyms) (General Linguistics) Lexical Relations
0%
When two or more words have the same form and different but related meanings (General Linguistics) Polysemy
0%
Repeat an infinite number of times (General Linguistics) Recursion
0%
Morpheme without any affixes (General Linguistics) Root
0%
Phonemes used to create utterances in a language (General Linguistics) Segmentals
0%
Any word that has been inflected (General Linguistics) Stem
0%
Sentence that does not tell which deep structure's meaning was intended (General Linguistics) Structural Ambiguity
0%
non-phonemic factors used in speaking a language (General Linguistics) Suprasegmentals
0%
Individual parts of a deep structure sentence can be arranged and rearranged into different surface structures Transformation
0%
Nessun quiz corrispondente trovato
Distribuzione punteggi
Percentuale di utenti per punteggio
Percentile per numero di risposta
I tuoi punteggi nel tempo
Non hai fatto questo quiz